| 000 | 00755nam a22002177a 4500 | ||
|---|---|---|---|
| 008 | 150707b xxu||||| |||| 00| 0 alb d | ||
| 020 | _a9789951602013 | ||
| 041 | 0 | _aalb | |
| 080 | _a321.7(091) | ||
| 100 | _aDavid Held ; | ||
| 245 |
_aModelet e demokracisë : _cDavid Held ; përktheu nga gjuha angleze Florim Canolli. |
||
| 260 |
_aPrishtinë : _bCuneus, _c2011. |
||
| 300 |
_a434 f. ; _c24 cm. |
||
| 500 | _aParathënie e botimit në gjuhën shqipe : f. [XI]-XV | ||
| 500 | _aParathënie për edicionin e tretë : [XVII]-XXI | ||
| 505 | _aBibliografia : f. [401[-425 | ||
| 505 | _aIndeksi : f. [426]-434 | ||
| 650 | 4 | _aTitulli i origjinalit : Models of Democracy | |
| 650 | 4 | _aDemokracia |x Historia | |
| 942 |
_2udc _cBK |
||
| 999 |
_c1093 _d1093 |
||